000 00361nam a2200133Ia 4500
008 231129s2002||||xx |||||||||||||| ||spa||
020 _a958-33-3548-7
082 _aER- 256
100 _aEje Cafetero.
245 0 _aLas "mulas" del Eje Cafetero
260 _c2002
264 _a[s.l.]: Litomaster 2002
942 _2ddc
_cBKS
999 _c18553
_d18553